000 00724cam a22002171a 4500
001 sd 49000335
003 DLC
005 20260227112735.0
008 891010s1945 dcud f000 0 eng c
010 _asd 49000335
035 _a(OCoLC)20461598
040 _aU.S. Dept. of State Library
_cNPV
_dDLC
042 _apremarc
050 0 0 _aUB250
_b.U33 no. 2691
110 1 _aUnited States.
_bOffice of Strategic Services.
_bResearch and Analysis Branch.
245 1 0 _aJapanese civilians overseas.
260 _a[Washington] :
_c1945.
490 1 _aIts R & A ;
_vno.2691
650 0 _aJapanese
_zForeign countries.
810 1 _aUnited States.
_bOffice of Strategic Services.
_bResearch and Analysis Branch.
_tR & A ;
_vno.2691.
999 _c90010
_d90010